| 000 | 01150nam a2200373 c 4500 | ||
|---|---|---|---|
| 001 | 46859 | ||
| 003 | ES-MaCES | ||
| 005 | 20151228104412.0 | ||
| 008 | 151223s2015 sp 000 ||spa d | ||
| 017 |
_aM 32630-2015 _bDL |
||
| 020 | _a9788490772287 | ||
| 040 |
_aES-MaCES _bspa _cES-MaCES |
||
| 245 | 0 | 3 |
_aLa mujer incansable _b: barreras y retos laborales _cAmparo Acereda Extremaina (coord.) |
| 260 |
_aMadrid _bSíntesis _c[2015] |
||
| 300 |
_a356p. _c23 cm |
||
| 504 | _aBibliografía | ||
| 541 | _cCompra | ||
| 650 | 4 |
_amujeres _928657 |
|
| 650 | 4 |
_atrabajadora _928413 |
|
| 650 | 4 |
_amercado de trabajo _928292 |
|
| 650 | 4 |
_adiscriminación por razones de sexo _929521 |
|
| 650 | 4 |
_aderechos de la mujer _927173 |
|
| 650 | 4 |
_aigualdad de oportunidades en el empleo _930649 |
|
| 650 | 4 |
_acondiciones de trabajo _928327 |
|
| 650 | 4 |
_adiferencia del salario _929458 |
|
| 650 | 4 |
_aacoso sexual _929555 |
|
| 650 | 4 |
_amalos tratos _930808 |
|
| 650 | 4 |
_asalud mental _927001 |
|
| 650 | 4 |
_aEspaña _926964 |
|
| 653 | 1 | 0 | _aMujer |
| 700 | 1 |
_aAcereda Extremiana, Amparo _ecol. _936314 |
|
| 902 | _aLIB Libro | ||
| 942 |
_2CES _cBK _h3.3. |
||
| 999 |
_c46859 _d46859 |
||